In praise of shadows / (Record no. 9561)
[ view plain ]
| 000 -LEADER | |
|---|---|
| fixed length control field | 00866pam a2200265 a 4500 |
| 003 - CONTROL NUMBER IDENTIFIER | |
| control field | IeDuTC |
| 005 - DATE AND TIME OF LATEST TRANSACTION | |
| control field | 20230412110308.0 |
| 008 - FIXED-LENGTH DATA ELEMENTS--GENERAL INFORMATION | |
| fixed length control field | 010409r20011977enk 000 0 eng |
| 015 ## - NATIONAL BIBLIOGRAPHY NUMBER | |
| National bibliography number | GBA1-Z1878 |
| 020 ## - INTERNATIONAL STANDARD BOOK NUMBER | |
| International Standard Book Number | 0099283573 (pbk.) : |
| Terms of availability | £5.99 |
| 040 ## - CATALOGING SOURCE | |
| Original cataloging agency | StDuBDS |
| Modifying agency | IeDuTC |
| 041 1# - LANGUAGE CODE | |
| Language code of text/sound track or separate title | eng |
| Language code of original | jpn |
| 082 04 - DEWEY DECIMAL CLASSIFICATION NUMBER | |
| Classification number | 111.85 |
| Edition number | 21 |
| 100 1# - MAIN ENTRY--PERSONAL NAME | |
| Personal name | Tanizaki, Jun'ichirō, |
| Dates associated with a name | 1886-1965. |
| 240 00 - UNIFORM TITLE | |
| Uniform title | In ei raisan. |
| Language of a work | English. |
| 245 10 - TITLE STATEMENT | |
| Title | In praise of shadows / |
| Statement of responsibility, etc. | Jun'ichirō Tanizaki ; translated by Thomas J. Harper and Edward G. Seidensticker. |
| 260 ## - PUBLICATION, DISTRIBUTION, ETC. | |
| Place of publication, distribution, etc. | London : |
| Name of publisher, distributor, etc. | Vintage, |
| Date of publication, distribution, etc. | 2001, c1977. |
| 300 ## - PHYSICAL DESCRIPTION | |
| Extent | 73 p. ; |
| Dimensions | 20 cm. |
| 490 0# - SERIES STATEMENT | |
| Series statement | Vintage classics. |
| 500 ## - GENERAL NOTE | |
| General note | Originally published: New Haven, Conn. : Leete's Island Books, 1977. |
| 546 ## - LANGUAGE NOTE | |
| Language note | Translated from the Japanese. |
| 650 #0 - SUBJECT ADDED ENTRY--TOPICAL TERM | |
| Topical term or geographic name entry element | Aesthetics. |
| 942 ## - ADDED ENTRY ELEMENTS (KOHA) | |
| Source of classification or shelving scheme | Dewey Decimal Classification |
| Koha item type | Main |
| Withdrawn status | Lost status | Source of classification or shelving scheme | Damaged status | Not for loan | Collection code | Home library | Current library | Shelving location | Date acquired | Serial Enumeration / chronology | Total Checkouts | Full call number | Barcode | Date last seen | Date last checked out | Price effective from | Koha item type |
|---|---|---|---|---|---|---|---|---|---|---|---|---|---|---|---|---|---|
| Dewey Decimal Classification | Popular Collection | RTC Library | RTC Library | Popular Collection | 12/04/2023 | 177387 | 3 | 111.85 TAN | 30018671 | 19/04/2024 | 26/03/2024 | 12/04/2023 | Main |